01095nam a2200205 a 450000100100000000500170001000800410002702000150006804000250008304100180010811101350012624502510026124601350051226000520064730000220069954600360072104900090075795201060076699900170087200003420120200930070849.0110928s1983 dr 000 0 spa d a2892370280 aDO-SdBNPbspacBNPHU17afre2spageng2 aCongreso internacional par el estudio de las culturas Pre-Colombinasde las Antillas Menoresn(9 : 2-8cSanto Domingod1981)95962210aProceedings of the ninth International Congress for the Study of the Pre-Columbian Cultures of the Lesser Antilles =bCompte rendus des communications du Congrès international d'ètudes des civilisations précolombiennes des Petites Antilles.10aCompte-rendu des communications du des Congrès international d'ètudes des civilisations précolombiennes des Petites Antilles aMontreal :bCent de Rechrrches Caraibes,c1983. a7574 p. ;c29 cm. aenglés, francés y español aBNPD 00107-18PDaGRbGRcOId2011-09-28iLF1l0o p34201-10r2020-06-25w2020-06-25yLFPDZNo se presta c33692d33692